発電方式別発電量上位5か国 - Statistics

General Stats
  • This quiz has been taken 39 times
  • The average score is 12 of 13
Answer Stats
% Correct
中華人民共和国
100%
ブラジル
100%
アメリカ合衆国
100%
ロシア
100%
日本
100%
フランス
100%
カナダ
97%
ドイツ
97%
インド
94%
イギリス
91%
大韓民国
76%
イタリア
71%
タイ
32%
No matching quizzes found
Score Distribution
Percent of People with Each Score
Percentile by Number Answered
Your Score History
You have not taken this quiz